000 00738nam a2200277Ia 4500
001 47743
005 20240114003842.0
007 ta
008 090505s2004 g b000 u 465 u
020 _cHB
040 _aCotton College,Assam
041 _a465
082 _a530
_bGh 346 Ad
100 _aGhosh, Basudev .
245 0 _aAdvanced Practical Physics (For Honours Degree Student) /
_cBasudev Ghosh, & K. G. Mazumdar.
_hTextual Documents
250 _a7th ed /
260 _aKolkata :
_bSreedhar Prakashani ,
_c2004.
300 _a480p ;
_c23 cm.
653 _aPhysics
653 _aG-Physics
700 _aMazumdar, K. G. .
942 _2ddc
_cBK
999 _c47708
_d47708